000 00571nam a2200193Ia 4500
003 GCL
008 140319s9999 xx 000 0 ara d
040 _aGCL /
_cGCL
082 0 4 _a808.2
_bأ ف
100 1 _aدرينى خشبة
245 1 0 _aفن كتابة المسرحية /
_cدرينى خشبة
700 1 _aايجرى، لاس
260 _aالقاهرة :
_bمكتبة الانجلوالمصرية ،
_c1998
300 _a554 ص
650 0 4 _aالادب
650 0 4 _aالمسرحية
650 0 4 _aالمسرحية - تاريخ ونقد
942 _2ddc
_cBK
999 _c4033
_d4033